01033nam a2200265 i 4500001000300000100001900003245010800022246007000130260006200200300002900262490002700291500007300318650002800391650002900419650002500448650003100473700002700504830002700531020001500558040000800573041001100581080003600592008004100628856009800669bg1 aSADLER, Philip10aZarządzanie w społeczeństwie postindustrialnym /cPhilip Sadler ; przeł. [z ang.] Marek Bernacki. iTyt. oryg.:aManagerial leadership in the post-industrial society aKraków :bWydaw. Profesjonalnej Szkoły Biznesu,c1997. a221 s. :brys. ;c20 cm.1 aBiblioteka Menedżera aOryg. : "Managerial leadership in the post-industrial society" 1988. 9aInformatykaxstosowanie 9aSpołeczeństwoxteoria 9aUsługixorganizacja 9aZarządzaniexzagadnienia1 aBERNACKI, Marek.eTł. aBiblioteka Menedżera a8385441549 cBPK1 aplhen a316.324.7:338.46:65.012.4:681.3 s pl f |000 0 pol  uhttp://koha.tu.koszalin.pl/cgi-bin/koha/opac-detail.pl?biblionumber=31368yKatalog online BPK